| 000 | 01028cam a2200229 4500 | ||
|---|---|---|---|
| 001 | ABS65643 | ||
| 008 | 020701n2002 000 0 eng u | ||
| 035 | _a(Sirsi) u118598 | ||
| 100 | _aAsquith, R. | ||
| 245 | _aAlternative paths to power | ||
| 260 | _c2002 | ||
| 490 |
_aPlanning (for the Natural and Built Environment) _v24 May 2002, 17(1) |
||
| 520 | _aDiscusses the uptake and development of renewable energy as the government tries to meet the UK's commitments under the Kyoto Treaty. Notes that revised government guidance may soon require local planning authorities to give the subject more prominance. Argues that the benefits of renewable energy are considerable, and include, regeneration of rural areas and encouragement of communitiy involvement. | ||
| 590 | _aABS | ||
| 650 | _aPLANNERS | ||
| 650 | _aPLANNING SYSTEM | ||
| 650 | _aRENEWABLE ENERGY | ||
| 650 | _aRURAL ECONOMY | ||
| 650 | _aPLANNING AUTHORITIES | ||
| 690 | _aENVIRONMENTAL AND LAND CONSULTANCY-PLANNING AND DEVELOPMENT | ||
| 942 | _n0 | ||
| 999 |
_c70619 _d70619 |
||